[Event "Andorra op 36th"]
[Site "Escaldes"]
[Date "2018.07.21"]
[Round "1"]
[White "Ruiz Castillo, Joshua Daniel"]
[Black "Brehier, William"]
[Result "1-0"]
[WhiteElo "2410"]
[BlackElo "1866"]
[PlyCount "61"]
[EventDate "2018.07.21"]
[EventType "swiss"]
[EventRounds "9"]
[EventCountry "AND"]
[SourceTitle "CBM 185 Extra"]
[Source "ChessBase"]
[SourceDate "2018.07.29"]
[SourceVersion "1"]
[SourceVersionDate "2018.07.29"]
[SourceQuality "1"]

1. e4 c5 2. Nf3 e6 3. d4 cxd4 4. Nxd4 a6 5. Nd2 d5 6. e5 Nc6 7. Nxc6 bxc6 8. Bd3 Ne7 9. 0-0 Qc7 10. Re1 Ng6 11. Nf3 Be7 12. g3 Bb7 13. h4 c5 14. h5 Nf8 15. c4 Nd7 16. cxd5 Bxd5 17. Be4 Nb6 18. Bxd5 Nxd5 19. Qa4+ Qd7 20. Qg4 g6 21. Bh6 Qb7 22. b3 Qb4 23. Re4 Qc3 24. Rae1 Rb8 25. Bd2 Qd3 26. Kg2 Qc2 27. Ra4 Qd3 28. Rh1 Qf5 29. hxg6 Qxg4 30. gxf7+ Kxf7 31. Rxg4 1-0

[Event "FRA-ch op-B"]
[Site "Pau"]
[Date "2012.08.24"]
[Round "10"]
[White "Bombail, Leonard"]
[Black "Brehier, William"]
[Result "1-0"]
[WhiteElo "1885"]
[BlackElo "1852"]
[PlyCount "61"]
[EventDate "2012.08.14"]
[EventType "swiss"]
[EventRounds "11"]
[EventCountry "FRA"]
[SourceTitle "EXT 2013"]
[Source "ChessBase"]
[SourceDate "2012.11.22"]
[SourceVersion "1"]
[SourceVersionDate "2012.11.22"]
[SourceQuality "1"]

1. e4 c5 2. Nc3 e6 3. g3 a6 4. Bg2 Nc6 5. d3 b5 6. f4 Bb7 7. e5 d5 8. exd6 Bxd6 9. Ne4 Nf6 10. Be3 Qe7 11. Nf3 0-0 12. 0-0 Rfd8 13. Nxf6+ Qxf6 14. Ng5 Rab8 15. Qh5 Qg6 16. Qxg6 hxg6 17. Ne4 Nd4 18. Rf2 f5 19. Nxd6 Rxd6 20. c3 Bxg2 21. Kxg2 Nc6 22. Bxc5 Rxd3 23. Re2 Kf7 24. Rae1 Re8 25. a4 b4 26. cxb4 Rc3 27. Rd1 Nxb4 28. Rd7+ Kg8 29. Bd4 Rd3 30. Rxg7+ Kf8 31. Be5 1-0